01208cam a2200301 a 45000010008000000030009000080050017000170080041000340100017000750350018000920400033001100420008001430500016001510820016001671000063001832450091002462640053003373000021003904900034004115000097004455000061005425040066006036500026006696500020006957000060007157000053007757100078008286565204BDDh-ASL20231015025900.0720828s1962 mau b 001 0 eng  a 62007195  a(OCoLC)392188 aDLCbengcDLCdDLCdBDDh-ASL apcc00aD199.3b.G5 a297.09bGIS1 aGibb, H. A. R.q(Hamilton Alexander Rosskeen),d1895-1971.10aStudies on the civilization of Islam/cedited by Stanford J. Shaw and William R. Polk. 1aLondon :bRoutledge & Kegan Paul Limited,c1962. a369 p. ;c22 cm.0 aBeacon books on world affairs a"Articles ... drawn from a wide variety of publications over a span of nearly four decades." aLC copy 3 is part of the Thomas L. Kane Collection.5DLC aIncludes bibliographical references (p. [345]-357) and index. 0aIslamic civilization. 0aIslamxHistory.1 aShaw, Stanford J.q(Stanford Jay),d1930-2006,eeditor.1 aPolk, William R.q(William Roe),d1929-eeditor.2 aThomas Leiper Kane Collection (Library of Congress. Hebraic Section)5DLC